<?xml version="1.0" encoding="UTF-8"?>
<record
    xmlns:xsi="http://www.w3.org/2001/XMLSchema-instance"
    xsi:schemaLocation="http://www.loc.gov/MARC21/slim http://www.loc.gov/standards/marcxml/schema/MARC21slim.xsd"
    xmlns="http://www.loc.gov/MARC21/slim">

  <leader>03176nam a22002177a 4500</leader>
  <datafield tag="999" ind1=" " ind2=" ">
    <subfield code="c">10948</subfield>
    <subfield code="d">10948</subfield>
  </datafield>
  <controlfield tag="003">AR-CdUCM</controlfield>
  <controlfield tag="008">190329b           ||||| |||| 00| 0 spa d</controlfield>
  <datafield tag="040" ind1=" " ind2=" ">
    <subfield code="a">MUNICIPALIDAD PROVINCIAL DEL CUSCO</subfield>
    <subfield code="c">BIBLIOTECA MUNICIPAL DEL CUSCO</subfield>
  </datafield>
  <datafield tag="082" ind1=" " ind2=" ">
    <subfield code="a">ES / 909 /</subfield>
    <subfield code="b">G82</subfield>
  </datafield>
  <datafield tag="100" ind1=" " ind2=" ">
    <subfield code="a">Grimberg, Carl</subfield>
  </datafield>
  <datafield tag="245" ind1=" " ind2=" ">
    <subfield code="a">Historia universal /</subfield>
  </datafield>
  <datafield tag="260" ind1=" " ind2=" ">
    <subfield code="a">Chile :</subfield>
    <subfield code="b">Gente S.A.,</subfield>
    <subfield code="c">1987.</subfield>
  </datafield>
  <datafield tag="300" ind1=" " ind2=" ">
    <subfield code="a">39 tomos ;</subfield>
    <subfield code="c">18 cm.</subfield>
  </datafield>
  <datafield tag="440" ind1=" " ind2=" ">
    <subfield code="a">Historia universal.</subfield>
    <subfield code="9">16086</subfield>
  </datafield>
  <datafield tag="505" ind1=" " ind2=" ">
    <subfield code="a">Contenido :t,1. El alba de la civilizaci&#xF3;n -- La aurora del hombre -- El hombre cazador -- De la edad de piedra a las primeras industrias -- El despertar del arte -- t.2. El imperio de las pir&#xE1;mides -- Una historia inmensa -- Finaliza el imperio antiguo -- El imperio medio -- La restauraci&#xF3;n y el imperio nuevo -- t.3. De Babilonia a Persia -- En la hora del tigris y del eufrates -- El imperio asirio -- El primer c&#xF3;digo de la historia -- Gente sin esperanza -- t.14: La &#xE9;poca ojival -- t.15: La guerra de los cien a&#xF1;os -- t.16: El renacimiento -- t.18. Espa&#xF1;a y el nuevo mundo -- Los reyes cat&#xF3;licos -- Espa&#xF1;a en marcha -- Campa&#xF1;as militares y pol&#xED;tica internacional -- P&#xF3;rtico al siglo de oro -- t.19. Conquista  de Am&#xE9;rica, Carlos V -- La conquista de M&#xE9;xico -- Destrucci&#xF3;n del imperio inca -- El humanismo germ&#xE1;nico -- El humanismo en Inglaterra -- t.20. Protestantismo y budismo -- Mart&#xED;n Lutero -- La rebeld&#xED;a -- Estalla la guerra -- La reforma se consolida -- t.27. El racionalismo -- Coalici&#xF3;n contra el rey sol -- La eterna pol&#xED;tica del mas fuerte -- La corte de Inglaterra -- Literatura psicolog&#xED;a -- t.28. Espa&#xF1;a en disputa -- La corona sin rey -- Preparaci&#xF3;n de guerra -- Continua la guerra de sucesi&#xF3;n -- El gran elector -- Sof&#xED;a y los strelzi -- t.29. El siglo de las luces -- El pueblo brit&#xE1;nico al advenimiento de los Hannover -- Desarrollo espiritual -- G&#xE9;nesis de la novela inglesa -- El primero de los d&#xE9;spotas ilustrados -- t.30. Nacimiento de una naci&#xF3;n -- La guerra de sucesi&#xF3;n austriaca -- Nacimiento de una naci&#xF3;n -- La guerra anglo-francesa de 1744-1748 -- La guerra de los siete a&#xF1;os -- t.31. Despotismo ilustrado -- La ilustraci&#xF3;n lusiana y Brasil -- La india de los emperadores mongoles -- Difusi&#xF3;n de las luces -- Naturalismo y rococo -- t.32. Revoluci&#xF3;n francesa -- &#xDA;ltimos a&#xF1;os de Luis xv -- Las colonias americanas se separan -- &#xDA;ltimos dioramas de rococo -- La asamblea constituyente -- t.33. Napole&#xF3;n I -- Napole&#xF3;n primer c&#xF3;nsul -- La guerra de Espa&#xF1;a -- Del apogeo al desastre -- El congreso de Viena y los cien d&#xED;as -- t.34. El romanticismo -- La reina Victoria -- La Francia de Carlos x -- La monarqu&#xED;a de julio -- La II rep&#xFA;blica francesa -- t.38. Crisis de entre guerras -- Reformas y contrarreformas -- La dictadura bolchevique -- Modernizaci&#xF3;n del extremo oriente -- La gran crisis econ&#xF3;mica -- t.39. Segunda guerra mundial -- Nacionalistas y rojos luchan en Espa&#xF1;a -- Las consecuencias de Munich -- Invasi&#xF3;n de Francia -- La guerra se extiende a todo el mundo ...</subfield>
  </datafield>
  <datafield tag="650" ind1=" " ind2=" ">
    <subfield code="a">Historia universal</subfield>
    <subfield code="9">1423</subfield>
  </datafield>
  <datafield tag="650" ind1=" " ind2=" ">
    <subfield code="a">Libros de secundaria</subfield>
    <subfield code="9">26732</subfield>
  </datafield>
  <datafield tag="710" ind1=" " ind2=" ">
    <subfield code="a">Gente.</subfield>
    <subfield code="9">26733</subfield>
  </datafield>
  <datafield tag="942" ind1=" " ind2=" ">
    <subfield code="2">ddc</subfield>
    <subfield code="c">LIBROS</subfield>
  </datafield>
  <datafield tag="945" ind1=" " ind2=" ">
    <subfield code="a">rum</subfield>
  </datafield>
</record>
